[Event "Amateur Tournament (ATO)"]
[Site "https://www.chess.com"]
[Date "2025.07.17"]
[Round "3"]
[White "Kuenzli, Simon"]
[Black "Leuenberger, Urs"]
[Result "1-0"]
[Board "1"]
[WhiteFideId "1308475"]
[BlackFideId "1310585"]
[WhiteElo "1993"]
[BlackElo "1859"]
[WhiteTeam "SUI"]
[BlackTeam "SUI"]
[WhiteClock "0:09:40"]
[BlackClock "0:05:55"]
[Variant "Standard"]

1. e4 {[%clk 1:30:56]}  e6 {[%clk 1:30:36]} 2. d4 {[%clk 1:31:19]}  d5 {[%clk 1:30:54]} 3. e5 {[%clk 1:31:37]}  c5 {[%clk 1:31:09]} 4. c3 {[%clk 1:32:01]}  Nc6 {[%clk 1:31:28]} 5. Nf3 {[%clk 1:32:18]}  Qb6 {[%clk 1:31:41]} 6. Be2 {[%clk 1:32:33]}  Bd7 {[%clk 1:30:22]} 7. O-O {[%clk 1:32:34]}  Nh6 {[%clk 1:28:53]} 8. Na3 {[%clk 1:28:42]}  cxd4 {[%clk 1:26:18]} 9. cxd4 {[%clk 1:29:07]}  Nf5 {[%clk 1:22:59]} 10. Nc2 {[%clk 1:29:19]}  Be7 {[%clk 1:22:54]} 11. a3 {[%clk 1:28:30]}  Na5 {[%clk 1:18:02]} 12. b4 {[%clk 1:19:38]}  Nb3 {[%clk 1:17:06]} 13. Rb1 {[%clk 1:19:28]}  Nxc1 {[%clk 1:17:10]} 14. Rxc1 {[%clk 1:18:37]}  Bb5 {[%clk 1:15:32]} 15. Bxb5+ {[%clk 1:08:38]}  Qxb5 {[%clk 1:11:21]} 16. Ne3 {[%clk 1:08:41]}  Nxe3 {[%clk 1:03:15]} 17. fxe3 {[%clk 1:09:03]}  O-O {[%clk 1:03:23]} 18. Rc7 {[%clk 1:06:32]}  Bd8 {[%clk 1:01:57]} 19. Rc5 {[%clk 1:03:42]}  Qd7 {[%clk 1:01:24]} 20. Qc2 {[%clk 0:58:14]}  Bb6 {[%clk 0:57:15]} 21. Rc3 {[%clk 0:50:08]}  g6 {[%clk 0:43:02]} 22. Rc1 {[%clk 0:47:14]}  a5 {[%clk 0:39:12]} 23. Ne1 {[%clk 0:43:10]}  axb4 {[%clk 0:38:17]} 24. axb4 {[%clk 0:43:31]}  Qa4 {[%clk 0:36:23]} 25. Nd3 {[%clk 0:43:13]}  Qxc2 {[%clk 0:36:12]} 26. R1xc2 {[%clk 0:43:24]}  Ra4 {[%clk 0:30:49]} 27. Rb3 {[%clk 0:41:46]}  Rd8 {[%clk 0:22:48]} 28. Kf2 {[%clk 0:38:38]}  Kf8 {[%clk 0:22:04]} 29. Nc5 {[%clk 0:37:35]}  Ra7 {[%clk 0:21:49]} 30. Ke2 {[%clk 0:35:01]}  Ke8 {[%clk 0:22:03]} 31. Kd3 {[%clk 0:34:58]}  Rda8 {[%clk 0:19:01]} 32. e4 {[%clk 0:30:12]}  Ra3 {[%clk 0:12:06]} 33. Rbc3 {[%clk 0:25:19]}  Bxc5 {[%clk 0:10:16]} 34. bxc5 {[%clk 0:24:17]}  Kd7 {[%clk 0:09:14]} 35. exd5 {[%clk 0:24:06]}  exd5 {[%clk 0:09:30]} 36. Rf2 {[%clk 0:23:16]}  Ke7 {[%clk 0:08:56]} 37. Rb2 {[%clk 0:21:22]}  Rxc3+ {[%clk 0:07:22]} 38. Kxc3 {[%clk 0:20:49]}  Ra7 {[%clk 0:05:45]} 39. Kb4 {[%clk 0:19:01]}  f6 {[%clk 0:03:45]} 40. exf6+ {[%clk 0:17:01]}  Kxf6 {[%clk 0:04:03]} 41. Rf2+ {[%clk 0:17:22]}  Ke6 {[%clk 0:26:33]} 42. Re2+ {[%clk 0:40:16]}  Kd7 {[%clk 0:26:50]} 43. Re5 {[%clk 0:40:02]}  Ra2 {[%clk 0:22:41]} 44. Rxd5+ {[%clk 0:39:41]}  Kc7 {[%clk 0:21:22]} 45. Rg5 {[%clk 0:35:28]}  b6 {[%clk 0:21:05]} 46. h4 {[%clk 0:31:12]}  bxc5+ {[%clk 0:17:35]} 47. Kxc5 {[%clk 0:28:46]}  Ra5+ {[%clk 0:14:14]} 48. Kc4 {[%clk 0:28:53]}  Ra2 {[%clk 0:14:34]} 49. Kd5 {[%clk 0:26:56]}  Kd7 {[%clk 0:14:44]} 50. Rg3 {[%clk 0:25:16]}  Ra5+ {[%clk 0:14:51]} 51. Ke4 {[%clk 0:25:30]}  Ke6 {[%clk 0:14:53]} 52. Rb3 {[%clk 0:25:30]}  Ra2 {[%clk 0:12:05]} 53. Rb6+ {[%clk 0:24:31]}  Ke7 {[%clk 0:11:39]} 54. g4 {[%clk 0:19:09]}  Rg2 {[%clk 0:09:02]} 55. Kf4 {[%clk 0:18:05]}  Rd2 {[%clk 0:08:15]} 56. Kg5 {[%clk 0:15:41]}  Rxd4 {[%clk 0:06:49]} 57. Rb7+ {[%clk 0:16:01]}  Kf8 {[%clk 0:07:00]} 58. Rxh7 {[%clk 0:15:35]}  Kg8 {[%clk 0:06:30]} 59. Re7 {[%clk 0:13:37]}  Rc4 {[%clk 0:06:33]} 60. Re6 {[%clk 0:12:51]}  Kf7 {[%clk 0:06:49]} 61. Rf6+ {[%clk 0:12:56]}  Kg7 {[%clk 0:05:05]} 62. Rxg6+ {[%clk 0:13:14]}  Kh7 {[%clk 0:05:26]} 63. Rf6 {[%clk 0:12:07]}  Kg7 {[%clk 0:05:32]} 64. Rf5 {[%clk 0:12:13]}  Rb4 {[%clk 0:05:16]} 65. Rd5 {[%clk 0:12:14]}  Rb7 {[%clk 0:05:20]} 66. Kh5 {[%clk 0:11:34]}  Ra7 {[%clk 0:05:28]} 67. g5 {[%clk 0:10:31]}  Rb7 {[%clk 0:05:45]} 68. g6 {[%clk 0:09:18]}  Ra7 {[%clk 0:05:55]} 69. Kg5 {[%clk 0:09:40]} 1-0

[Event "Amateur Tournament (ATO)"]
[Site "https://www.chess.com"]
[Date "2025.07.17"]
[Round "3"]
[White "Jud, Marc"]
[Black "Avilova, Yulia"]
[Result "1-0"]
[Board "3"]
[WhiteFideId "1309099"]
[BlackFideId "34166073"]
[WhiteElo "1958"]
[BlackElo "1762"]
[WhiteTeam "SUI"]
[BlackTeam "SUI"]
[WhiteClock "0:21:05"]
[BlackClock "0:09:31"]
[Variant "Standard"]

1. Nf3 {[%clk 1:30:55]}  d5 {[%clk 1:30:55]} 2. e3 {[%clk 1:31:12]}  c5 {[%clk 1:31:03]} 3. d4 {[%clk 1:31:15]}  Nc6 {[%clk 1:29:40]} 4. b3 {[%clk 1:30:23]}  Nf6 {[%clk 1:28:34]} 5. Bb2 {[%clk 1:29:50]}  e6 {[%clk 1:27:09]} 6. Be2 {[%clk 1:28:31]}  a6 {[%clk 1:27:00]} 7. O-O {[%clk 1:27:38]}  b5 {[%clk 1:24:50]} 8. dxc5 {[%clk 1:26:43]}  Bxc5 {[%clk 1:24:58]} 9. Nd4 {[%clk 1:24:00]}  Bb7 {[%clk 1:23:17]} 10. Nd2 {[%clk 1:23:14]}  O-O {[%clk 1:21:57]} 11. N2f3 {[%clk 1:17:57]}  Rc8 {[%clk 1:15:15]} 12. a4 {[%clk 1:08:42]}  b4 {[%clk 1:13:05]} 13. Nxc6 {[%clk 1:06:38]}  Rxc6 {[%clk 1:13:23]} 14. Ne5 {[%clk 1:06:34]}  Rc8 {[%clk 1:13:11]} 15. Bd3 {[%clk 1:05:35]}  a5 {[%clk 0:55:55]} 16. Qe2 {[%clk 1:01:41]}  d4 {[%clk 0:52:05]} 17. e4 {[%clk 0:57:53]}  Qc7 {[%clk 0:45:07]} 18. Nc4 {[%clk 0:54:44]}  Qf4 {[%clk 0:39:56]} 19. f3 {[%clk 0:51:08]}  Ra8 {[%clk 0:36:38]} 20. Bc1 {[%clk 0:45:38]}  Qh4 {[%clk 0:35:45]} 21. Qe1 {[%clk 0:41:23]}  Qh5 {[%clk 0:35:37]} 22. Qg3 {[%clk 0:38:41]}  Ba7 {[%clk 0:29:33]} 23. Bf4 {[%clk 0:32:39]}  Nd7 {[%clk 0:25:59]} 24. Bc7 {[%clk 0:27:08]}  Bb8 {[%clk 0:23:09]} 25. Bxb8 {[%clk 0:25:46]}  Rfxb8 {[%clk 0:23:33]} 26. Qc7 {[%clk 0:24:21]}  Bc8 {[%clk 0:16:17]} 27. Qd8+ {[%clk 0:22:22]}  Nf8 {[%clk 0:16:40]} 28. Qxd4 {[%clk 0:20:16]}  Ba6 {[%clk 0:16:24]} 29. Rfd1 {[%clk 0:15:10]}  Rd8 {[%clk 0:15:48]} 30. Qe3 {[%clk 0:13:57]}  Bxc4 {[%clk 0:14:57]} 31. Bxc4 {[%clk 0:14:12]}  Qe5 {[%clk 0:15:19]} 32. Rac1 {[%clk 0:13:35]}  Ng6 {[%clk 0:14:26]} 33. g3 {[%clk 0:12:38]}  f5 {[%clk 0:13:49]} 34. Qb6 {[%clk 0:11:41]}  Re8 {[%clk 0:12:03]} 35. exf5 {[%clk 0:10:13]}  Qxf5 {[%clk 0:12:17]} 36. f4 {[%clk 0:10:16]}  h5 {[%clk 0:09:52]} 37. Re1 {[%clk 0:09:36]}  Nxf4 {[%clk 0:06:14]} 38. gxf4 {[%clk 0:06:36]}  Qg4+ {[%clk 0:06:35]} 39. Kf2 {[%clk 0:06:52]}  Qxf4+ {[%clk 0:06:58]} 40. Ke2 {[%clk 0:06:48]}  Qg4+ {[%clk 0:04:29]} 41. Kd2 {[%clk 0:06:05]}  Rad8+ {[%clk 0:03:20]} 42. Bd3 {[%clk 0:06:01]}  e5 {[%clk 0:00:17]} 43. Re2 {[%clk 0:28:10]}  e4 {[%clk 0:30:04]} 44. Rce1 {[%clk 0:27:55]}  Qg5+ {[%clk 0:25:39]} 45. Kd1 {[%clk 0:25:53]}  Qg4 {[%clk 0:17:38]} 46. Kc1 {[%clk 0:25:10]}  Qf4+ {[%clk 0:15:56]} 47. Kb1 {[%clk 0:24:48]}  exd3 {[%clk 0:12:24]} 48. Rxe8+ {[%clk 0:23:59]}  Rxe8 {[%clk 0:12:50]} 49. Rxe8+ {[%clk 0:24:18]}  Kh7 {[%clk 0:13:16]} 50. cxd3 {[%clk 0:22:53]}  Qd2 {[%clk 0:12:06]} 51. Qe3 {[%clk 0:21:02]}  Qxh2 {[%clk 0:09:18]} 52. Qe4+ {[%clk 0:20:43]}  Kh6 {[%clk 0:09:16]} 53. Re6+ {[%clk 0:20:49]}  Kg5 {[%clk 0:09:31]} 54. Rg6# {[%clk 0:21:05]} 1-0

[Event "Amateur Tournament (ATO)"]
[Site "https://www.chess.com"]
[Date "2025.07.17"]
[Round "3"]
[White "Lavorgna, Giovanni"]
[Black "Filimonov, Arsenii"]
[Result "1-0"]
[Board "4"]
[WhiteFideId "11800100"]
[BlackFideId "34171584"]
[WhiteTitle "CM"]
[WhiteElo "1912"]
[BlackElo "1666"]
[WhiteTeam "ITA"]
[BlackTeam "SUI"]
[WhiteClock "0:17:31"]
[BlackClock "0:10:42"]
[Variant "Standard"]

1. d4 {[%clk 1:30:57]}  Nf6 {[%clk 1:30:51]} 2. c4 {[%clk 1:31:07]}  e6 {[%clk 1:31:10]} 3. Nf3 {[%clk 1:31:20]}  b6 {[%clk 1:31:23]} 4. g3 {[%clk 1:31:11]}  Ba6 {[%clk 1:29:28]} 5. Qc2 {[%clk 1:30:55]}  Bb7 {[%clk 1:29:42]} 6. Bg2 {[%clk 1:30:38]}  c5 {[%clk 1:27:02]} 7. d5 {[%clk 1:26:43]}  exd5 {[%clk 1:24:21]} 8. Nh4 {[%clk 1:25:19]}  Nc6 {[%clk 1:13:18]} 9. cxd5 {[%clk 1:20:51]}  Nb4 {[%clk 1:13:12]} 10. Qd1 {[%clk 1:20:24]}  Bxd5 {[%clk 1:06:15]} 11. Bxd5 {[%clk 1:19:18]}  Nbxd5 {[%clk 1:06:27]} 12. Nf5 {[%clk 1:10:44]}  Qc7 {[%clk 0:57:35]} 13. O-O {[%clk 1:09:45]}  Qe5 {[%clk 0:54:50]} 14. Nh4 {[%clk 1:08:19]}  g6 {[%clk 0:48:16]} 15. Nf3 {[%clk 1:06:50]}  Qe6 {[%clk 0:43:41]} 16. e4 {[%clk 1:03:11]}  Nc7 {[%clk 0:42:40]} 17. Bf4 {[%clk 1:00:01]}  O-O-O {[%clk 0:33:14]} 18. Ng5 {[%clk 0:51:09]}  Qe8 {[%clk 0:32:07]} 19. Nc3 {[%clk 0:50:21]}  d5 {[%clk 0:29:28]} 20. Bxc7 {[%clk 0:48:33]}  Kxc7 {[%clk 0:29:49]} 21. exd5 {[%clk 0:47:52]}  h6 {[%clk 0:27:47]} 22. Nf3 {[%clk 0:46:28]}  Bd6 {[%clk 0:25:49]} 23. Qd3 {[%clk 0:42:59]}  Qd7 {[%clk 0:23:53]} 24. a4 {[%clk 0:40:29]}  a5 {[%clk 0:22:45]} 25. Qa6 {[%clk 0:36:30]}  Qc8 {[%clk 0:17:24]} 26. Nb5+ {[%clk 0:35:33]}  Kd7 {[%clk 0:17:46]} 27. Qxb6 {[%clk 0:34:27]}  Qb8 {[%clk 0:17:52]} 28. Qc6+ {[%clk 0:33:06]}  Ke7 {[%clk 0:18:13]} 29. Rfe1+ {[%clk 0:31:20]}  Kf8 {[%clk 0:18:31]} 30. Nd2 {[%clk 0:28:53]}  Kg7 {[%clk 0:16:29]} 31. Nc4 {[%clk 0:28:08]}  Bf8 {[%clk 0:16:38]} 32. d6 {[%clk 0:26:50]}  Rc8 {[%clk 0:14:50]} 33. Qf3 {[%clk 0:26:11]}  h5 {[%clk 0:13:46]} 34. Rad1 {[%clk 0:25:29]}  Re8 {[%clk 0:12:27]} 35. Qc3 {[%clk 0:24:14]}  Qc8 {[%clk 0:09:42]} 36. Rxe8 {[%clk 0:19:58]}  Qxe8 {[%clk 0:10:05]} 37. d7 {[%clk 0:19:58]}  Qd8 {[%clk 0:10:25]} 38. Nxa5 {[%clk 0:18:30]}  Be7 {[%clk 0:10:07]} 39. Nc6 {[%clk 0:18:18]}  Qf8 {[%clk 0:10:27]} 40. d8=Q {[%clk 0:17:39]}  Bxd8 {[%clk 0:10:42]} 41. Rxd8 {[%clk 0:17:31]} 1-0

[Event "Amateur Tournament (ATO)"]
[Site "https://www.chess.com"]
[Date "2025.07.17"]
[Round "3"]
[White "Bracher, Juerg"]
[Black "Tkhoruk, Roman"]
[Result "0-1"]
[Board "7"]
[WhiteFideId "1337521"]
[BlackFideId "34161589"]
[WhiteElo "1848"]
[BlackElo "1893"]
[WhiteTeam "SUI"]
[BlackTeam "SUI"]
[WhiteClock "0:09:59"]
[BlackClock "1:12:31"]
[Variant "Standard"]

1. c4 {[%clk 1:30:57]}  Nf6 {[%clk 1:30:30]} 2. Nc3 {[%clk 1:31:15]}  e6 {[%clk 1:30:40]} 3. Nf3 {[%clk 1:30:55]}  h6 {[%clk 1:30:01]} 4. d4 {[%clk 1:28:48]}  Bb4 {[%clk 1:30:12]} 5. Bd2 {[%clk 1:26:47]}  Bxc3 {[%clk 1:30:20]} 6. Bxc3 {[%clk 1:27:14]}  O-O {[%clk 1:30:22]} 7. Qc2 {[%clk 1:25:53]}  d5 {[%clk 1:30:20]} 8. e3 {[%clk 1:25:39]}  a5 {[%clk 1:25:07]} 9. Be2 {[%clk 1:24:50]}  b6 {[%clk 1:25:01]} 10. O-O {[%clk 1:21:40]}  Ba6 {[%clk 1:23:12]} 11. Ne5 {[%clk 1:17:52]}  Nbd7 {[%clk 1:21:26]} 12. Nc6 {[%clk 1:13:23]}  Qe8 {[%clk 1:21:48]} 13. cxd5 {[%clk 1:12:32]}  Bxe2 {[%clk 1:21:47]} 14. Qxe2 {[%clk 1:11:07]}  exd5 {[%clk 1:21:05]} 15. b4 {[%clk 1:05:09]}  Qe6 {[%clk 1:18:33]} 16. b5 {[%clk 1:00:49]}  Ne4 {[%clk 1:17:39]} 17. Bb2 {[%clk 1:00:00]}  Nd6 {[%clk 1:13:49]} 18. Ne5 {[%clk 0:33:55]}  Nxe5 {[%clk 1:12:50]} 19. dxe5 {[%clk 0:34:21]}  Nc4 {[%clk 1:07:15]} 20. Rac1 {[%clk 0:31:53]}  Qe7 {[%clk 0:58:21]} 21. Rfd1 {[%clk 0:25:52]}  Rad8 {[%clk 0:57:50]} 22. Rxd5 {[%clk 0:14:05]}  Rxd5 {[%clk 0:56:52]} 23. Qxc4 {[%clk 0:14:24]}  Rc5 {[%clk 0:49:08]} 24. Qf1 {[%clk 0:10:49]}  Rxc1 {[%clk 0:49:21]} 25. Qxc1 {[%clk 0:11:17]}  Rd8 {[%clk 0:48:13]} 26. f4 {[%clk 0:11:15]}  Qc5 {[%clk 0:48:18]} 27. Qxc5 {[%clk 0:08:32]}  bxc5 {[%clk 0:48:41]} 28. Bc3 {[%clk 0:08:52]}  Rd3 {[%clk 0:47:48]} 29. Bxa5 {[%clk 0:09:06]}  c4 {[%clk 0:48:13]} 30. Kf2 {[%clk 0:07:09]}  c3 {[%clk 0:46:52]} 31. Ke2 {[%clk 0:07:20]}  Rd2+ {[%clk 0:46:15]} 32. Ke1 {[%clk 0:07:33]}  Rxa2 {[%clk 0:46:34]} 33. Bxc3 {[%clk 0:06:50]}  Rxg2 {[%clk 0:46:53]} 34. h4 {[%clk 0:02:15]}  Rc2 {[%clk 0:44:24]} 35. h5 {[%clk 0:09:59]}  g6 {[%clk 1:12:31]} 0-1

[Event "Amateur Tournament (ATO)"]
[Site "https://www.chess.com"]
[Date "2025.07.17"]
[Round "3"]
[White "Lesniak, Julien"]
[Black "Mueller, Andrin"]
[Result "1/2-1/2"]
[Board "8"]
[WhiteFideId "1303074"]
[BlackFideId "1348809"]
[WhiteElo "1741"]
[BlackElo "1884"]
[WhiteTeam "SUI"]
[BlackTeam "SUI"]
[WhiteClock "0:16:49"]
[BlackClock "0:19:08"]
[Variant "Standard"]

1. e4 {[%clk 1:30:57]}  e5 {[%clk 1:30:05]} 2. Nf3 {[%clk 1:30:14]}  Nf6 {[%clk 1:30:24]} 3. Nxe5 {[%clk 1:28:22]}  d6 {[%clk 1:30:46]} 4. Nf3 {[%clk 1:26:59]}  Nxe4 {[%clk 1:31:09]} 5. Qe2 {[%clk 1:24:40]}  Qe7 {[%clk 1:31:25]} 6. d3 {[%clk 1:23:04]}  Nf6 {[%clk 1:30:15]} 7. Bg5 {[%clk 1:18:39]}  Nbd7 {[%clk 1:22:11]} 8. Nc3 {[%clk 1:15:07]}  h6 {[%clk 1:12:27]} 9. Qxe7+ {[%clk 1:07:46]}  Bxe7 {[%clk 1:12:13]} 10. Bd2 {[%clk 1:08:08]}  Ne5 {[%clk 1:06:54]} 11. Be2 {[%clk 0:58:35]}  Be6 {[%clk 0:59:42]} 12. Nxe5 {[%clk 0:55:42]}  dxe5 {[%clk 0:59:54]} 13. O-O-O {[%clk 0:53:06]}  O-O-O {[%clk 0:57:45]} 14. Ne4 {[%clk 0:49:08]}  Nxe4 {[%clk 0:48:16]} 15. dxe4 {[%clk 0:48:24]}  Bxa2 {[%clk 0:45:16]} 16. h4 {[%clk 0:43:10]}  Be6 {[%clk 0:44:46]} 17. Bc3 {[%clk 0:37:40]}  f6 {[%clk 0:43:46]} 18. g4 {[%clk 0:35:50]}  Rxd1+ {[%clk 0:43:14]} 19. Rxd1 {[%clk 0:35:09]}  Rd8 {[%clk 0:43:08]} 20. Rxd8+ {[%clk 0:34:14]}  Kxd8 {[%clk 0:43:01]} 21. h5 {[%clk 0:32:40]}  Kd7 {[%clk 0:40:42]} 22. Kd2 {[%clk 0:29:50]}  a6 {[%clk 0:39:03]} 23. b3 {[%clk 0:29:26]}  c5 {[%clk 0:38:41]} 24. Bb2 {[%clk 0:28:55]}  Kc6 {[%clk 0:38:34]} 25. c4 {[%clk 0:28:23]}  b5 {[%clk 0:36:28]} 26. cxb5+ {[%clk 0:27:29]}  axb5 {[%clk 0:36:42]} 27. Kc3 {[%clk 0:24:39]}  Bd8 {[%clk 0:32:12]} 28. f3 {[%clk 0:24:49]}  Ba5+ {[%clk 0:31:36]} 29. Kc2 {[%clk 0:25:01]}  Bb4 {[%clk 0:30:42]} 30. Bc1 {[%clk 0:23:31]}  c4 {[%clk 0:28:25]} 31. bxc4 {[%clk 0:23:02]}  Bxc4 {[%clk 0:28:33]} 32. Bxc4 {[%clk 0:21:35]}  bxc4 {[%clk 0:27:32]} 33. Be3 {[%clk 0:21:48]}  Bc5 {[%clk 0:25:37]} 34. Bd2 {[%clk 0:20:04]}  Kb5 {[%clk 0:25:37]} 35. Bc3 {[%clk 0:17:58]}  Bb4 {[%clk 0:20:50]} 36. Bb2 {[%clk 0:18:06]}  Kc5 {[%clk 0:19:16]} 37. Ba1 {[%clk 0:17:07]}  Be1 {[%clk 0:18:57]} 38. Bb2 {[%clk 0:17:10]}  Kb4 {[%clk 0:19:08]} 39. Bc1 {[%clk 0:16:49]} 1/2-1/2

[Event "Amateur Tournament (ATO)"]
[Site "https://www.chess.com"]
[Date "2025.07.17"]
[Round "3"]
[White "Hofmann, Hans"]
[Black "Hasini Kamabathula"]
[Result "1-0"]
[Board "9"]
[WhiteFideId "1332503"]
[BlackFideId "25712837"]
[WhiteElo "1932"]
[BlackElo "1624"]
[WhiteTeam "SUI"]
[BlackTeam "IND"]
[WhiteClock "0:05:42"]
[BlackClock "0:02:43"]
[Variant "Standard"]

1. d4 {[%clk 1:30:55]}  d5 {[%clk 1:30:55]} 2. c4 {[%clk 1:31:14]}  e6 {[%clk 1:31:19]} 3. Nf3 {[%clk 1:31:31]}  Nf6 {[%clk 1:31:42]} 4. Bg5 {[%clk 1:31:47]}  Be7 {[%clk 1:32:01]} 5. e3 {[%clk 1:31:56]}  h6 {[%clk 1:32:20]} 6. Bh4 {[%clk 1:32:09]}  O-O {[%clk 1:32:29]} 7. Nc3 {[%clk 1:32:29]}  Nbd7 {[%clk 1:31:52]} 8. Qc2 {[%clk 1:31:22]}  dxc4 {[%clk 1:30:42]} 9. Bxc4 {[%clk 1:31:36]}  c5 {[%clk 1:30:55]} 10. Rd1 {[%clk 1:31:18]}  Qc7 {[%clk 1:29:32]} 11. Bg3 {[%clk 1:23:20]}  Qb6 {[%clk 1:28:36]} 12. O-O {[%clk 1:22:04]}  Rd8 {[%clk 1:26:32]} 13. h3 {[%clk 1:08:43]}  cxd4 {[%clk 1:23:05]} 14. Nxd4 {[%clk 1:03:25]}  Nc5 {[%clk 1:20:26]} 15. a3 {[%clk 0:57:39]}  a6 {[%clk 1:16:20]} 16. b4 {[%clk 0:57:19]}  Ncd7 {[%clk 1:16:39]} 17. Na4 {[%clk 0:55:59]}  Qa7 {[%clk 1:16:46]} 18. Be2 {[%clk 0:54:12]}  e5 {[%clk 1:09:15]} 19. Nf5 {[%clk 0:53:12]}  Re8 {[%clk 1:09:03]} 20. Nxe7+ {[%clk 0:48:36]}  Rxe7 {[%clk 1:09:27]} 21. Nc3 {[%clk 0:42:15]}  b5 {[%clk 1:07:16]} 22. Bf3 {[%clk 0:35:13]}  Bb7 {[%clk 1:07:06]} 23. Bxb7 {[%clk 0:35:14]}  Qxb7 {[%clk 1:07:31]} 24. Qb3 {[%clk 0:34:07]}  Nb6 {[%clk 1:05:31]} 25. Rd3 {[%clk 0:33:08]}  Rd7 {[%clk 0:55:09]} 26. Rfd1 {[%clk 0:33:21]}  Rxd3 {[%clk 0:54:39]} 27. Rxd3 {[%clk 0:33:44]}  Nc4 {[%clk 0:54:34]} 28. Bh4 {[%clk 0:29:55]}  Ne4 {[%clk 0:45:58]} 29. Nxe4 {[%clk 0:29:24]}  Qxe4 {[%clk 0:46:25]} 30. Be7 {[%clk 0:28:32]}  Re8 {[%clk 0:42:15]} 31. Bc5 {[%clk 0:28:41]}  Qc6 {[%clk 0:40:35]} 32. a4 {[%clk 0:24:52]}  Ra8 {[%clk 0:35:09]} 33. Qc2 {[%clk 0:22:01]}  Qe6 {[%clk 0:33:15]} 34. a5 {[%clk 0:14:18]}  Rc8 {[%clk 0:32:38]} 35. e4 {[%clk 0:13:55]}  Qc6 {[%clk 0:27:15]} 36. Rd5 {[%clk 0:13:44]}  Qg6 {[%clk 0:26:57]} 37. Qd3 {[%clk 0:11:19]}  Qg5 {[%clk 0:25:30]} 38. g3 {[%clk 0:08:54]}  Qf6 {[%clk 0:15:34]} 39. Kg2 {[%clk 0:08:46]}  Nb2 {[%clk 0:14:20]} 40. Qf3 {[%clk 0:06:41]}  Qe6 {[%clk 0:06:09]} 41. Rd6 {[%clk 0:05:59]}  Qc4 {[%clk 0:03:08]} 42. Qf5 {[%clk 0:01:33]}  Re8 {[%clk 0:01:59]} 43. Rxa6 {[%clk 0:23:12]}  Nd3 {[%clk 0:29:26]} 44. Ra7 {[%clk 0:21:05]}  Ne1+ {[%clk 0:24:57]} 45. Kg1 {[%clk 0:15:57]}  Rd8 {[%clk 0:17:33]} 46. Rc7 {[%clk 0:09:01]}  Qb3 {[%clk 0:12:23]} 47. Be3 {[%clk 0:07:12]}  g6 {[%clk 0:01:42]} 48. Qf6 {[%clk 0:06:54]}  Rf8 {[%clk 0:02:06]} 49. Bxh6 {[%clk 0:05:50]}  Nf3+ {[%clk 0:02:24]} 50. Kg2 {[%clk 0:06:03]}  Ne1+ {[%clk 0:02:43]} 51. Kh1 {[%clk 0:05:42]} 1-0

[Event "Amateur Tournament (ATO)"]
[Site "https://www.chess.com"]
[Date "2025.07.17"]
[Round "3"]
[White "Ernst, Heinz"]
[Black "Conrad, Vincent"]
[Result "0-1"]
[Board "10"]
[WhiteFideId "1303295"]
[BlackFideId "1312332"]
[WhiteElo "1790"]
[BlackElo "1915"]
[WhiteTeam "SUI"]
[BlackTeam "SUI"]
[WhiteClock "0:29:23"]
[BlackClock "0:21:39"]
[Variant "Standard"]

1. d4 {[%clk 1:30:56]}  Nf6 {[%clk 1:30:34]} 2. c4 {[%clk 1:31:15]}  e6 {[%clk 1:30:57]} 3. Nc3 {[%clk 1:31:26]}  Bb4 {[%clk 1:30:35]} 4. a3 {[%clk 1:30:53]}  Bxc3+ {[%clk 1:29:47]} 5. bxc3 {[%clk 1:31:14]}  Nc6 {[%clk 1:28:11]} 6. f3 {[%clk 1:29:59]}  d5 {[%clk 1:24:20]} 7. cxd5 {[%clk 1:28:20]}  exd5 {[%clk 1:24:41]} 8. e3 {[%clk 1:27:51]}  O-O {[%clk 1:22:43]} 9. Bd3 {[%clk 1:27:51]}  Re8 {[%clk 1:23:01]} 10. Ne2 {[%clk 1:27:46]}  Be6 {[%clk 1:20:26]} 11. Ng3 {[%clk 1:23:24]}  Ne7 {[%clk 1:17:41]} 12. O-O {[%clk 1:18:52]}  Qd7 {[%clk 1:14:25]} 13. a4 {[%clk 1:16:33]}  Rad8 {[%clk 1:08:50]} 14. Rf2 {[%clk 1:12:47]}  Nf5 {[%clk 1:06:05]} 15. Nxf5 {[%clk 1:12:24]}  Bxf5 {[%clk 1:06:22]} 16. Rb2 {[%clk 1:12:03]}  Bxd3 {[%clk 1:02:56]} 17. Qxd3 {[%clk 1:12:19]}  b6 {[%clk 1:03:00]} 18. a5 {[%clk 1:06:23]}  Qd6 {[%clk 1:00:30]} 19. axb6 {[%clk 1:02:26]}  axb6 {[%clk 1:00:31]} 20. Rba2 {[%clk 1:01:17]}  Qc6 {[%clk 0:58:41]} 21. Bd2 {[%clk 0:57:20]}  Ra8 {[%clk 0:56:06]} 22. Ra7 {[%clk 0:54:10]}  Rxa7 {[%clk 0:54:06]} 23. Rxa7 {[%clk 0:54:29]}  Ra8 {[%clk 0:53:53]} 24. Qa6 {[%clk 0:54:34]}  Rxa7 {[%clk 0:53:41]} 25. Qxa7 {[%clk 0:54:49]}  h6 {[%clk 0:53:38]} 26. Qa6 {[%clk 0:54:13]}  Ne8 {[%clk 0:47:58]} 27. Qc8 {[%clk 0:49:41]}  g6 {[%clk 0:47:43]} 28. Qd8 {[%clk 0:46:53]}  Kg7 {[%clk 0:48:08]} 29. Qe7 {[%clk 0:45:27]}  Nd6 {[%clk 0:43:13]} 30. Qe5+ {[%clk 0:40:31]}  Kg8 {[%clk 0:34:24]} 31. Qf6 {[%clk 0:37:30]}  Qa4 {[%clk 0:30:30]} 32. Be1 {[%clk 0:32:09]}  Qd1 {[%clk 0:26:23]} 33. Kf2 {[%clk 0:24:04]}  Qc2+ {[%clk 0:24:38]} 34. Kf1 {[%clk 0:23:57]}  Qd3+ {[%clk 0:22:39]} 35. Kf2 {[%clk 0:22:30]}  Nc4 {[%clk 0:18:42]} 36. Qd8+ {[%clk 0:22:07]}  Kg7 {[%clk 0:18:57]} 37. Qe7 {[%clk 0:21:59]}  Qc2+ {[%clk 0:14:27]} 38. Kf1 {[%clk 0:20:04]}  Qd1 {[%clk 0:11:49]} 39. Kf2 {[%clk 0:19:04]}  Nb2 {[%clk 0:07:45]} 40. Qe5+ {[%clk 0:18:05]}  Kh7 {[%clk 0:08:02]} 41. Kf1 {[%clk 0:17:51]}  Nd3 {[%clk 0:03:10]} 42. Qg3 {[%clk 0:17:59]}  Qc1 {[%clk 0:03:01]} 43. e4 {[%clk 0:13:48]}  dxe4 {[%clk 0:28:02]} 44. fxe4 {[%clk 0:43:53]}  Qb1 {[%clk 0:24:14]} 45. e5 {[%clk 0:40:56]}  Qb5 {[%clk 0:23:06]} 46. Kg1 {[%clk 0:39:50]}  Nc1 {[%clk 0:22:07]} 47. Qf3 {[%clk 0:37:38]}  Qc4 {[%clk 0:21:39]} 48. d5 {[%clk 0:29:23]} 0-1